| 000 | 00672nam a22002057a 4500 | ||
|---|---|---|---|
| 999 |
_c15434 _d15434 |
||
| 003 | AR-CdUCM | ||
| 008 | 190427b ||||| |||| 00| 0 spa d | ||
| 040 |
_aMUNICIPALIDAD PROVINCIAL DEL CUSCO _cBIBLIOTECA MUNICIPAL DEL CUSCO |
||
| 082 |
_25ed. _aEP / 869 / _bC48 |
||
| 100 |
_aCesareo, Fray _934503 |
||
| 245 |
_aEl cocuyo y la Mora : _bCuento de la tribu pemón / |
||
| 260 |
_aMexico : _bLibros del rincon SEP, _bEdiciones Ekaré, _c1987. |
||
| 300 |
_bIlustraciones, graficos, dibujos _c20 cm. |
||
| 500 | _aCuentos e historia | ||
| 650 |
_aCuentos _9217 |
||
| 650 |
_aHistoria _9136 |
||
| 650 |
_aLiteratura _983 |
||
| 942 |
_2ddc _cLIBROS |
||
| 945 |
_apjha _d2019-04-27 |
||